Loading...
| Fine Arts - Classical Music | 0 | 4 | 1 | 1 | 35 | 71 | 91.50 | 0 | 1 | 0.00 | 0.00 |
| Fine Arts - Other | 0 | 3 | 0 | 0 | 30 | 27 | 62.67 | 1 | 2 | 0.00 | 0.00 |
| Science - Chemistry | 0 | 3 | 0 | 1 | 30 | 48 | 71.33 | 0 | 1 | 0.00 | 0.00 |
| Pop Culture | 0 | 3 | 0 | 1 | 30 | 17 | 55.33 | 1 | 1 | 0.00 | 0.00 |
| Science - Biology | 0 | 3 | 0 | 0 | 30 | 40 | 63.33 | 0 | 0 | 0.00 | 0.00 |
| Literature - World | 0 | 2 | 0 | 0 | 20 | 86 | 93.00 | 0 | 0 | 0.00 | 0.00 |
| Philosophy | 0 | 2 | 0 | 0 | 20 | 66 | 74.50 | 0 | 1 | 0.00 | 0.00 |
| History - European | 0 | 2 | 0 | 1 | 20 | 61 | 89.50 | 0 | 0 | 0.00 | 0.00 |
| Science - Other | 0 | 2 | 0 | 0 | 20 | 52 | 62.50 | 0 | 2 | 0.00 | 0.00 |
| Mythology | 0 | 2 | 0 | 0 | 20 | 45 | 66.50 | 0 | 1 | 0.00 | 0.00 |
| Current Events | 0 | 1 | 0 | 0 | 10 | 28 | 28.00 | 1 | 1 | 0.00 | 0.00 |
| History - American | 0 | 1 | 0 | 0 | 10 | 82 | 82.00 | 0 | 0 | 0.00 | 0.00 |
| History - World | 0 | 1 | 0 | 1 | 10 | 79 | 79.00 | 0 | 0 | 0.00 | 0.00 |
| Literature - American | 0 | 1 | 0 | 0 | 10 | 46 | 46.00 | 0 | 1 | 0.00 | 0.00 |
| Literature - British | 0 | 1 | 0 | 0 | 10 | 107 | 107.00 | 0 | 0 | 0.00 | 0.00 |
| Religion | 0 | 1 | 1 | 1 | 5 | 94 | 94.00 | 0 | 0 | 0.00 | 0.00 |
| Painting/Sculpture | 0 | 1 | 1 | 0 | 5 | 92 | 92.00 | 0 | 0 | 0.00 | 0.00 |
| Science - Physics | 0 | 1 | 1 | 0 | 5 | 80 | 80.00 | 0 | 1 | 0.00 | 0.00 |
| Literature - European | 0 | 1 | 2 | 0 | 0 | 70 | 70.00 | 0 | 1 | 0.00 | 0.00 |